Guts and Blackpowder Nations - Statistics

General Stats
  • This quiz has been taken 311 times
    148 since last reset
  • The average score is 10 of 11
Answer Stats
Maps they appear in: Answer % Correct
Leipzig, San Sebastian, Catacombes de Paris, Berezina, Hougoumont, La Haye Saint, La Ferme D'en-haut, Roscoff France
98%
Kaub, Leipzig, St. Petersburg Russia
98%
San Sebastian, Hougoumont, La Haye Saint, La Ferme D'en-haut, Roscoff, London, Westminster United Kingdom
97%
Kaub, Leipzig, Hougoumont Prussia
96%
Kaub, Leipzig, Tyrolean Village, Transylvania Austrian Empire
95%
Road To Sleepy Hollow, Sleepy Hollow, Roscoff United States Of America
94%
Copenhagen, Vardøhus Fortress Denmark-Norway
91%
San Sebastian Portugal
91%
Berezina, Tyrolean Village Bavaria
83%
Berezina, Leipzig Duchy Of Warsaw
83%
Leipzig Sweden
78%
No matching quizzes found
Score Distribution
Percent of People with Each Score
Percentile by Number Answered
Your Score History
You have not taken this quiz since the last reset